000 01043nam0a22002891 4500
001 RU\INFOCOMM_322\NLR\5000098525
005 20260405151052.0
035 _a(NLR Aleph) 009542003
090 _a8952357
_c8952357
100 _a20121210d1977 |||y0rusy50 ca
101 0 _anor
102 _aRU
105 _ay z |||||
200 1 _aSovjetborgernes rettigheter og plikter
_fVladislav Koldajev
210 _aM.
_cPressebyrået "Novosti's" forl.
_d1977
215 _a54 с.
_d16 см
300 _aВ вып. дан.: В. Колдаев. Права и обязанности советских граждан
606 0 _aПрава и обязанности граждан
_yСССР
_91308625
_3RU\NLR\AUTH\66225886
620 _aМосква
686 _aХ620.3
_2rubbk
700 1 _8rus
_7ba
_aKoldaev
_bV. M.
_gVladimir Michajlovič
_3RU\NLR\AUTH\7762303
_945233
790 1 _9z01700
_aKoldajev
_bV.
_gVladislav
_4070
801 1 _aRU
_bNLR
_c20121210
801 0 _aRU
_bINFOCOMM
_gPSBO
852 _aNLR
_jП21 Д-2/101
942 _cBOOK
980 _aNB